00741nam a2200205 a 450000100060000000300090000600800410001502000150005604000280007108200170009910000270011624500420014325000160018526000400020130000110024149000220025250502240027465000150049865000220051314790CO-ViMGA141112s2004 ck r 000 u spa d a958683087X aCO-ViMGAbspacCO-ViMGA04a620.694 C3541 aCely Galindo, Gilberto10aEl horizonte Bioetico de las ciencias a4 rev. aum. aBtá.Universidad Javeriana, c1999 a506.p. atextos y manuales aLa acción constructivista de la bioética Investigación científica y bioética Salud, calidad de vida y sentido de la vida Aportes de la bioética a la cultura Contemporanea Códigos internacionales de ética14aBIOética14aCIENCIA Y ética